| 000 | 00379nam a2200145Ia 4500 | ||
|---|---|---|---|
| 005 | 20251222175933.0 | ||
| 008 | 251222s9999||||xx |||||||||||||| ||spa|| | ||
| 020 | _a9972-04-089-5 | ||
| 082 | _a342.005/R75 | ||
| 100 | _aRodríguez Domínguez, Elvito A. | ||
| 245 | 0 | _aManual de Derecho Procesal Constitucional | |
| 250 | _a3a.ed. | ||
| 264 | _bJurídica Grijley | ||
| 942 | _cLIB | ||
| 999 |
_c41107 _d41107 |
||